000 00468nam a22001817a 4500
003 NUST - PNEC
005 20170116180850.0
008 150825b xxu||||| |||| 00| 0 eng d
020 _a9814126454
040 _cLIBRARY
082 _a550.72 DAV
100 _95655
_aDavis, John C
245 _aStatistics and data analysis in geology
_cJohn C.Davis
250 _a3rd ed
260 _cc2002.
650 _95656
_aGeology--Statistical methods
_xME
942 _2ddc
_cBK
999 _c64584
_d64584